[Event "ITA-ch U20 2019"]
[Site "Padova"]
[Date "2019.11.28"]
[Round "1"]
[White "Carnicelli, Valerio"]
[Black "Bin-Suhayl, Ieysaa"]
[Result "1/2-1/2"]
[WhiteElo "2303"]
[BlackElo "2187"]
[Annotator "TA"]
[PlyCount "116"]
[EventDate "2019.11.28"]
[EventType "tourn"]
[EventCountry "ITA"]
[SourceTitle "playchess.com"]
[Source "ChessBase"]
[SourceQuality "1"]

{[%evp 17,116,0,2,4,6,0,13,13,8,3,8,11,0,0,0,0,0,-8,-7,-5,0,-5,0,0,0,0,0,0,0,0,0,0,31,31,31,33,107,11,18,15,14,0,122,109,131,75,75,76,83,71,246,267,256,262,245,243,216,100,126,141,313,315,254,178,220,77,77,77,77,77,70,74,114,0,8,0,0,0,0,0,0,0,0,0,0,0,0,0,0,0,0,0,0,0,0,0,0,0,0,0,0]} 1. e4 e6 2. d4 d5 3. Nc3 Nf6 4. e5 Nfd7 5. f4 c5 6. Nf3 Nc6 7. Be3 a6 8. Qd2 b5 9. dxc5 Bxc5 10. Bd3 {C11: French: Classical System: 4 e5 and 4 Bg5 dxe4} (10. Ne2 O-O 11. Ned4 Qb6 12. c3 b4 13. Bd3 a5 14. O-O Ba6 15. Kh1 Bxd3 16. Qxd3 Qa6 17. Qc2 bxc3 18. bxc3 {½-½ (31) Dominguez Perez,L (2739)-So,W (2788) Saint Louis 2017}) 10... Qb6 11. Bf2 Bxf2+ 12. Qxf2 Nc5 13. O-O b4 14. Ne2 a5 15. Rae1 O-O $146 ({Predecessor:} 15... Na4 16. Qxb6 Nxb6 17. Bb5 Bd7 18. Bxc6 Bxc6 {1-0 (37) Carnicelli,V (2294)-Di Benedetto,E (2302) Amantea 2018}) 16. Kh1 {Threatening Bxh7+!} h6 17. Ned4 Nxd4 (17... a4 {keeps more tension.} 18. Nxc6 Qxc6 19. Nd4 Qb6 20. Qe3 Bd7) 18. Nxd4 a4 19. f5 Nxd3 20. cxd3 exf5 21. Nxf5 Qxf2 22. Ne7+ Kh7 23. Rxf2 Be6 24. Nc6 a3 25. b3 Rfc8 26. Nxb4 Rc3 (26... Rab8 $14 27. Rf4 Rb5) 27. Rc2 ({White should try} 27. d4 $16) 27... Rxc2 $11 28. Nxc2 {[%mdl 4096] Endgame KRB-KRN} Rc8 29. Nb4 d4 (29... Rb8 $1 $11 30. Na6 Rb6) 30. Kg1 $1 $16 Rc3 {[#]} 31. Re4 (31. Kf2 $142 $1) 31... Bxb3 32. axb3 ({Much worse is} 32. Rxd4 $6 Rc1+ 33. Kf2 Be6 $11) 32... Rxb3 33. Rxd4 {KRN-KR} a2 $2 (33... Rb2 $16) 34. Nxa2 $18 Rb1+ 35. Kf2 Rb2+ 36. Kf3 Rxa2 {[#] KR-KR} 37. Re4 (37. Rd7 $1 $18) 37... Rd2 $16 38. d4 Kg6 $2 (38... Kg8 $16 39. Rh4 Kf8) 39. Rg4+ $18 Kh7 40. Ke4 g5 41. Kd5 (41. Ke3 $18 {is more deadly.} Rb2 42. d5) 41... Kg6 $16 42. Rg3 h5 43. h3 h4 44. Rg4 {aiming for g3.} Rd3 45. Re4 (45. Kc4 $16 Rd2 46. Kd5) 45... Rd2 $11 {The position is equal.} 46. e6 fxe6+ 47. Kxe6 Rxg2 {White must now prevent ...Rg3.} 48. d5 Rg3 49. d6 Rxh3 50. Rd4 {Threatening mate with d7.} Re3+ 51. Kd5 {d7 is the strong threat.} Re8 {Threatens to win with ...h3.} 52. d7 Rd8 53. Ke4 g4 54. Kf4 g3 {And now ...g2 would win.} 55. Kf3 Kg5 56. Rg4+ Kh5 57. Rd4 Rf8+ 58. Kg2 Rd8 {Accuracy: White = 56%, Black = 48%.} 1/2-1/2

[Event "ITA-ch U20 2019"]
[Site "Padova"]
[Date "2019.11.28"]
[Round "1"]
[White "Loiacono, Antonio"]
[Black "Loiacono, Leonardo"]
[Result "1/2-1/2"]
[WhiteElo "2289"]
[BlackElo "2297"]
[Annotator "TA"]
[PlyCount "32"]
[EventDate "2019.11.28"]
[EventType "tourn"]
[EventCountry "ITA"]
[SourceTitle "playchess.com"]
[Source "ChessBase"]
[SourceQuality "1"]

{[%evp 11,17,-9,0,-9,-14,-22,7,0]} 1. e4 e5 2. Nf3 Nc6 3. Nc3 Nf6 4. d4 exd4 5. Nxd4 Bc5 6. Nb3 Bb6 {The position is equal.} 7. Be2 {C45: Scotch Game} (7. Bg5 h6 8. Bh4 d6 9. f3 g5 10. Bg3 a6 11. Qd2 Qe7 12. O-O-O Be6 13. Na4 Ba7 14. Na5 Nxa5 15. Qxa5 Nh5 16. Be1 {½-½ (49) Chigaev,M (2637)-Malakhov,V (2660) Sochi 2019}) 7... O-O 8. O-O d6 9. Bg5 {Predecessor:} Be6 $146 10. a4 a6 11. Kh1 h6 12. Bh4 g5 13. Bg3 Re8 14. f4 Bxb3 15. cxb3 Nxe4 16. Nxe4 Rxe4 {1-0 (45) Chung,E (1748)-Liu,H (1464) Hong Kong 2017} 1/2-1/2

[Event "ITA-ch U20 2019"]
[Site "Padova"]
[Date "2019.11.28"]
[Round "1"]
[White "Lumachi, Gabriele"]
[Black "Seresin, Francesco"]
[Result "1/2-1/2"]
[WhiteElo "2224"]
[BlackElo "2367"]
[Annotator "TA"]
[PlyCount "40"]
[EventDate "2019.11.28"]
[EventType "tourn"]
[EventCountry "ITA"]
[SourceTitle "playchess.com"]
[Source "ChessBase"]
[SourceQuality "1"]

{[%evp 9,40,54,62,39,40,38,55,43,64,35,69,41,39,53,56,31,31,25,35,20,28,22,28,12,14,0,0,0,0,0,18,0,14]} 1. e4 d5 2. exd5 Qxd5 3. Nc3 Qd6 4. d4 Nf6 5. Nf3 c6 6. g3 {B01: Scandinavian Defence} (6. h3 g6 7. Bc4 Be6 8. Bb3 Bxb3 9. axb3 Qe6+ 10. Ne5 Nbd7 11. O-O Nxe5 12. dxe5 Qxe5 13. Re1 Qf5 {1-0 (24) Dominguez Perez,L (2752)-Andreikin,D (2759) Hengshui 2019}) 6... Bg4 7. Bg2 e6 8. O-O {White is slightly better.} Be7 9. h3 $146 ({Predecessor:} 9. a3 O-O 10. Bf4 Qd8 11. h3 {1-0 (33) Bergez,L (2344)-Torres Novalbos,D (2011) Barcelona 2016}) 9... Bh5 10. a3 O-O 11. Bf4 Qd8 12. g4 Bg6 13. Ne5 Nbd7 14. Nxg6 hxg6 15. Qd3 Nd5 16. Nxd5 exd5 {The position is equal.} 17. a4 Re8 18. a5 Nf8 19. c4 Qd7 20. Be3 Rad8 {Accuracy: White = 56%, Black = 54%.} 1/2-1/2

[Event "ITA-ch U20 2019"]
[Site "Padova"]
[Date "2019.11.28"]
[Round "1"]
[White "Palozza, Christian"]
[Black "Simonetto, Andrea"]
[Result "1-0"]
[WhiteElo "2187"]
[BlackElo "2185"]
[Annotator "TA"]
[PlyCount "67"]
[EventDate "2019.11.28"]
[EventType "tourn"]
[EventCountry "ITA"]
[SourceTitle "playchess.com"]
[Source "ChessBase"]
[SourceQuality "1"]

{[%evp 11,81,34,27,10,64,73,94,111,125,93,95,97,99,99,91,79,136,77,88,69,104,106,131,118,133,67,89,35,80,81,84,75,146,35,44,42,49,38,34,27,72,27,31,16,20,20,17,10,18,22,29,31,31,0,0,0,0,0,0,0,1506,1502,1407,1108,0,0,12838,12839,12839,12839,12842,12843]} 1. d4 d5 2. c4 e6 3. Nf3 Nf6 4. g3 dxc4 5. Bg2 a6 6. O-O Nc6 7. e3 {E04: Open Catalan: 5 Nf3} Bd6 (7... Bd7 $11) (7... Rb8 8. Nfd2 e5 9. Bxc6+ bxc6 10. dxe5 Ng4 11. Nxc4 Be6 12. Qe2 h5 13. Rd1 Qc8 14. Qf3 Rb6 15. Nxb6 cxb6 16. h4 Nxe5 {½-½ (41) Grischuk,A (2759)-Ding,L (2811) Khanty-Mansiysk 2019}) 8. Nbd2 $14 Qe7 $146 ({Predecessor:} 8... e5 9. dxe5 Nxe5 10. Nxe5 Bxe5 11. Nxc4 Qe7 12. Bd2 O-O 13. Nxe5 Qxe5 14. Bc3 Qe7 {½-½ (47) Csonka,B (2450)-Almasi,I (2398) Ajka 2018}) 9. Nxc4 {White is better.} e5 10. dxe5 Bxe5 11. Ncxe5 Nxe5 12. Nxe5 Qxe5 13. e4 Be6 (13... O-O $142) 14. Qa4+ (14. Bf4 $142 Qa5 15. Qc2) 14... Qb5 $16 15. Qa3 c5 16. Be3 Nd7 17. Rfc1 Rc8 18. Rc2 (18. Qc3 $16 O-O 19. f4) 18... O-O $14 19. Rd1 (19. Qc3 $16) 19... c4 20. f4 {Strongly threatening f5.} f6 21. Rd6 Bf7 (21... Rfe8 $142) 22. Rcd2 ({White should try} 22. Bh3 $16 Rc7 23. Rcd2) 22... Nc5 23. Bxc5 Qxc5+ 24. Qxc5 Rxc5 25. Rb6 Rc7 26. Kf2 Re8 27. e5 fxe5 28. fxe5 Rxe5 29. Rd8+ Re8 30. Rxe8+ Bxe8 31. Rxb7 $11 {[%mdl 4096] Endgame KRB-KRB} Rc5 32. Re7 Kf8 33. Re3 Rb5 34. Re2 {Played: Re3xe8} 1-0

[Event "ITA-ch U20 2019"]
[Site "Padova"]
[Date "2019.11.29"]
[Round "2"]
[White "Seresin, Francesco"]
[Black "Palozza, Christian"]
[Result "1/2-1/2"]
[WhiteElo "2367"]
[BlackElo "2187"]
[Annotator "ChessBase"]
[PlyCount "105"]
[EventDate "2019.11.28"]
[EventType "tourn"]
[EventCountry "ITA"]
[SourceTitle "playchess.com"]
[Source "ChessBase"]
[SourceQuality "1"]
[TimeControl "40/6600+30:20/3000+30:900+30"]

1. Nf3 Nf6 2. c4 e6 3. Nc3 d5 4. e3 dxc4 5. Bxc4 a6 6. b3 c5 7. Bb2 Nc6 8. Be2 Be7 9. Rc1 b5 10. O-O Bb7 11. a4 b4 12. Nb1 O-O 13. d3 Qb6 14. Nbd2 Na5 15. Ne5 Rac8 16. Qc2 Rfd8 17. Rfd1 Nd7 18. Bf3 Nxe5 19. Bxe5 Bxf3 20. Nxf3 Qb7 21. e4 Bd6 22. Bb2 Bf4 23. Rb1 Bd6 24. g3 Rf8 25. Nd2 Rfd8 26. Nc4 Nxc4 27. Qxc4 Bf8 28. Rbc1 Rd6 29. Be5 Rdd8 30. Qc2 Be7 31. Qe2 Rd7 32. Bf4 Bf6 33. Rc4 Bd4 34. h4 Qb6 35. Kg2 Rcd8 36. h5 h6 37. Qf3 e5 38. Bc1 Rd6 39. Qe2 Kh7 40. Rf1 Bc3 41. Be3 Bd4 42. Bc1 Bc3 43. Rd1 Bd4 44. Qg4 Rf6 45. f4 exf4 46. Bxf4 Qe6 47. Kh3 g6 48. Qxe6 fxe6 49. Bc7 Rc8 50. Ba5 Rb8 51. Bc7 Rc8 52. Ba5 Rb8 53. Bc7 1/2-1/2

[Event "ITA-ch U20 2019"]
[Site "Padova"]
[Date "2019.11.29"]
[Round "2"]
[White "Carnicelli, Valerio"]
[Black "Lumachi, Gabriele"]
[Result "1/2-1/2"]
[WhiteElo "2303"]
[BlackElo "2224"]
[Annotator "ChessBase"]
[PlyCount "87"]
[EventDate "2019.11.28"]
[EventType "tourn"]
[EventCountry "ITA"]
[SourceTitle "playchess.com"]
[Source "ChessBase"]
[SourceQuality "1"]
[TimeControl "40/6600+30:20/3000+30:900+30"]

1. e4 e5 2. Nf3 Nc6 3. d4 exd4 4. Nxd4 Bc5 5. Nb3 Bb6 6. Nc3 Nge7 7. Qe2 O-O 8. Be3 f5 9. O-O-O fxe4 10. Bxb6 axb6 11. Qxe4 d6 12. Bd3 Bf5 13. Qc4+ Kh8 14. Qh4 Ne5 15. Bxf5 Nxf5 16. Qxd8 Raxd8 17. Rhe1 c6 18. Nd4 Nxd4 19. Rxd4 Rde8 20. Re2 d5 21. Rd1 Ng4 22. Rxe8 Rxe8 23. f3 Nh6 24. b3 Nf5 25. Na4 b5 26. Nc5 b6 27. Nd7 Re2 28. Rd2 Re1+ 29. Rd1 Re2 30. Rd2 Re1+ 31. Kb2 b4 32. Nxb6 Ne3 33. c4 Nf1 34. Rd3 Re2+ 35. Kb1 Re1+ 36. Kc2 Re2+ 37. Kd1 Rxa2 38. Ke1 Nxh2 39. cxd5 cxd5 40. Nxd5 g5 41. Ne3 Rb2 42. Nf5 h5 43. Ne3 h4 44. Kd1 1/2-1/2

[Event "ITA-ch U20 2019"]
[Site "Padova"]
[Date "2019.11.29"]
[Round "2"]
[White "Bin-Suhayl, Ieysaa"]
[Black "Loiacono, Leonardo"]
[Result "0-1"]
[WhiteElo "2187"]
[BlackElo "2297"]
[Annotator "NA"]
[PlyCount "58"]
[EventDate "2019.11.28"]
[EventType "tourn"]
[EventCountry "ITA"]
[SourceTitle "playchess.com"]
[Source "ChessBase"]
[SourceQuality "1"]
[TimeControl "40/6600+30:20/3000+30:900+30"]

1. Nf3 d5 2. c4 e6 3. g3 Nf6 4. Bg2 d4 5. e3 c5 6. b4 dxe3 7. fxe3 cxb4 8. d4 Be7 9. O-O O-O 10. a3 Nc6 11. axb4 Bxb4 12. Ba3 $11 Bxa3 13. Nxa3 Rb8 14. Qc2 h6 15. Rfd1 Qe7 16. c5 Bd7 17. Nc4 b6 18. Nfe5 Nd5 19. cxb6 axb6 20. Nxc6 Bxc6 21. e4 Nf6 22. Rab1 b5 23. Na5 Ba8 24. e5 Nd5 25. Nc6 Bxc6 26. Qxc6 Rfc8 27. Qa6 Nc3 28. d5 exd5 29. Bxd5 Nxb1 0-1

[Event "ITA-ch U20 2019"]
[Site "Padova"]
[Date "2019.11.29"]
[Round "2"]
[White "Simonetto, Andrea"]
[Black "Loiacono, Antonio"]
[Result "1/2-1/2"]
[WhiteElo "2185"]
[BlackElo "2289"]
[Annotator "NA"]
[PlyCount "74"]
[EventDate "2019.11.28"]
[EventType "tourn"]
[EventCountry "ITA"]
[SourceTitle "playchess.com"]
[Source "ChessBase"]
[SourceQuality "1"]
[TimeControl "40/6600+30:20/3000+30:900+30"]

1. Nf3 d5 2. e3 Nf6 3. c4 c6 4. Nc3 e6 5. b3 Nbd7 6. Bb2 b6 7. Qc2 Bb7 8. d4 Bd6 9. Bd3 O-O 10. O-O Qe7 11. Ne2 e5 12. dxe5 Nxe5 13. Nxe5 Bxe5 14. Bxe5 Qxe5 15. cxd5 Qxd5 16. Rad1 Qe5 17. Rd2 c5 18. Rfd1 h5 19. h3 h4 20. Bf5 g6 21. Bxg6 Qg5 22. Nf4 fxg6 23. Qxg6+ Qxg6 24. Nxg6 Rf7 25. f3 b5 26. Nxh4 c4 27. bxc4 bxc4 28. Nf5 Rc7 29. Rd6 Nd5 30. e4 Nc3 31. Rd7 Rxd7 32. Rxd7 Ba6 33. Ne3 Nxa2 34. Nd5 Bb5 35. Nf6+ Kf8 36. Nh7+ Kg8 37. Nf6+ Kf8 1/2-1/2

[Event "ITA-ch U20 2019"]
[Site "Padova"]
[Date "2019.11.30"]
[Round "3"]
[White "Loiacono, Leonardo"]
[Black "Simonetto, Andrea"]
[Result "1/2-1/2"]
[WhiteElo "2297"]
[BlackElo "2185"]
[Annotator "TA"]
[PlyCount "112"]
[EventDate "2019.11.28"]
[EventType "tourn"]
[EventCountry "ITA"]
[SourceTitle "playchess.com"]
[Source "ChessBase"]
[SourceQuality "1"]

{[%evp 16,112,42,37,50,22,31,10,11,0,1,0,0,0,0,-8,-6,-12,0,0,0,-7,-6,-8,0,0,0,0,9,20,38,-10,-16,-12,0,0,18,-20,37,31,34,33,46,18,35,10,53,53,49,49,49,49,77,68,85,50,62,48,40,16,17,10,14,0,0,0,0,0,0,0,0,0,0,0,0,0,0,0,4,0,0,0,0,0,0,0,0,0,0,0,0,0,0,0,0,0,0,0,0]} 1. Nf3 d5 2. g3 Nf6 3. Bg2 e6 4. O-O c5 5. c4 dxc4 6. Na3 Nc6 7. Nxc4 Be7 8. b3 O-O 9. Bb2 Qc7 {A13: English Opening: 1...e6} (9... Bd7 10. d4 cxd4 11. Nxd4 Rc8 12. Nb5 a6 13. Nbd6 Rc7 14. Rc1 Qb8 15. e4 b5 16. e5 Nd5 17. Bxd5 exd5 {1-0 (31) Wei,Y (2743)-Yu,Y (2751) Shenzhen 2017}) 10. Nfe5 Bd7 11. Nxd7 (11. a4 {with more complications.} Nd5 12. e3 Be8 13. d3 Rd8 14. Qg4) 11... Qxd7 12. Rc1 Rfd8 13. d3 Rac8 {[#]} 14. Re1 $146 ({Predecessor:} 14. Qd2 b6 15. Rfd1 h6 16. e3 Ne8 17. a3 {½-½ (46) Barbosa,O (2552)-Ostrovskiy,A (2450) New York 2019}) 14... Nd5 15. Qc2 Bg5 {White should prevent ...Ncb4.} 16. Rcd1 Bf6 17. Bxf6 Nxf6 18. Qd2 b6 19. a3 h6 20. Rb1 Qd4 21. Rec1 Ne5 22. Qb2 {[#] aiming for Qxd4.} Nxc4 23. Rxc4 (23. bxc4 {seems wilder.} Qd7 24. Qa2 e5 25. a4 Qe6 26. a5) 23... Qxb2 24. Rxb2 Rd4 25. Rc1 a5 26. Bf1 Kf8 {[#]} ({Black should try} 26... Rdd8 $11) 27. b4 $1 $14 {[%mdl 512]} axb4 28. axb4 Ke7 29. bxc5 Rxc5 30. Rcb1 Nd7 31. e3 Rd6 32. d4 Rc7 33. Kg2 f6 34. Bb5 Rb7 35. Ba6 Rb8 36. Bc4 e5 37. Rd1 exd4 {The position is equal.} 38. exd4 Rd8 39. f4 f5 40. Re2+ Kf8 41. Re6 Nf6 42. Rxd6 Rxd6 $11 {[%mdl 4096] Endgame KRB-KRN} 43. Kf3 Ke7 44. h3 h5 45. d5 Nd7 46. Re1+ Kf6 47. Re8 b5 48. Bxb5 Rxd5 49. Bc4 Rd6 50. g4 hxg4+ 51. hxg4 fxg4+ 52. Kxg4 g6 53. Ba2 Ra6 54. Bc4 Rd6 55. Ba2 Ra6 56. Bc4 Rd6 {Accuracy: White = 55%, Black = 64%.} 1/2-1/2

[Event "ITA-ch U20 2019"]
[Site "Padova"]
[Date "2019.11.30"]
[Round "3"]
[White "Loiacono, Antonio"]
[Black "Seresin, Francesco"]
[Result "1-0"]
[WhiteElo "2289"]
[BlackElo "2367"]
[Annotator "NA"]
[PlyCount "31"]
[EventDate "2019.11.28"]
[EventType "tourn"]
[EventCountry "ITA"]
[SourceTitle "playchess.com"]
[Source "ChessBase"]
[SourceQuality "1"]
[TimeControl "40/6600+30:20/3000+30:900+30"]

1. e4 c5 2. Nf3 e6 3. c4 Nc6 4. Nc3 a6 5. d4 cxd4 6. Nxd4 Bb4 7. Nxc6 bxc6 8. Qd4 Qf6 9. e5 Qe7 10. Be3 f6 11. c5 a5 12. a3 fxe5 13. Qxe5 Bxc3+ 14. bxc3 Nf6 15. c4 Ng4 16. Qh5+ 1-0

[Event "ITA-ch U20 2019"]
[Site "Padova"]
[Date "2019.11.30"]
[Round "3"]
[White "Lumachi, Gabriele"]
[Black "Bin-Suhayl, Ieysaa"]
[Result "1-0"]
[WhiteElo "2224"]
[BlackElo "2187"]
[Annotator "RC"]
[PlyCount "147"]
[EventDate "2019.11.28"]
[EventType "tourn"]
[EventCountry "ITA"]
[SourceTitle "playchess.com"]
[Source "ChessBase"]
[SourceQuality "1"]
[TimeControl "40/6600+30:20/3000+30:900+30"]

1. Nf3 Nf6 2. c4 c5 3. Nc3 Nc6 4. e3 g6 5. d4 cxd4 6. exd4 d5 7. cxd5 Nxd5 8. Qb3 e6 9. Bb5 Bg7 10. O-O O-O 11. Bxc6 bxc6 12. Na4 Nb6 13. Nc5 Qd5 14. Bf4 Qxb3 15. axb3 Nd5 16. Be5 f6 17. Bg3 Bh6 18. Rfe1 Kf7 19. Ra4 Bf4 20. Rea1 Bxg3 21. hxg3 a6 22. Nd2 Nb6 23. Rb4 Nd5 24. Rba4 Nb6 25. Rb4 Nd5 26. Rc4 Nb6 27. Rcc1 Rd8 28. Nc4 Nxc4 29. Rxc4 Rb8 30. b4 e5 31. dxe5 fxe5 32. Ne4 Rd4 33. Rxd4 exd4 34. Rd1 Rxb4 35. Nd6+ Ke6 36. Nxc8 Kd7 37. Na7 c5 38. Rc1 Rb7 39. Rxc5 Rxa7 40. Rd5+ Ke6 41. Rxd4 Rb7 42. Re4+ Kf7 43. Re2 Rb3 44. f3 a5 45. Rc2 a4 46. Kh2 h5 47. Rc4 Rxb2 48. Rxa4 Rb6 49. g4 hxg4 50. Rf4+ Kg7 51. Rxg4 Rb5 52. Ra4 Kf6 53. Ra7 Rh5+ 54. Kg3 Rb5 55. Rh7 Rb2 56. Kh3 Rb1 57. Rc7 Rb4 58. Kg3 Ra4 59. Rb7 Rc4 60. Kh3 Ra4 61. g4 Ra3 62. Kg3 Ra4 63. f4 Rc4 64. g5+ Kf5 65. Rf7+ Ke4 66. Rf6 Rc1 67. Re6+ Kd5 68. Rxg6 Rg1+ 69. Kf3 Rf1+ 70. Kg4 Ke4 71. Re6+ Kd5 72. Re8 Kd6 73. Kf5 Kd7 74. Re5 1-0

[Event "ITA-ch U20 2019"]
[Site "Padova"]
[Date "2019.11.30"]
[Round "3"]
[White "Palozza, Christian"]
[Black "Carnicelli, Valerio"]
[Result "1-0"]
[WhiteElo "2187"]
[BlackElo "2303"]
[Annotator "TA"]
[PlyCount "117"]
[EventDate "2019.11.28"]
[EventType "tourn"]
[EventCountry "ITA"]
[SourceTitle "playchess.com"]
[Source "ChessBase"]
[SourceQuality "1"]

{[%evp 20,117,0,-11,10,5,40,29,26,16,22,16,16,18,19,14,14,18,11,14,27,31,42,22,17,11,12,5,120,115,118,85,89,80,124,126,131,117,127,132,131,127,137,70,154,154,321,314,256,143,191,141,160,132,146,153,191,193,207,178,181,0,208,0,205,173,188,203,197,97,250,217,208,211,415,421,386,375,519,504,528,438,1027,977,1052,1020,1683,1679,1584,1533,881,1672,1652,1592,1500,1497,29977,29978,29977,29978]} 1. d4 Nf6 2. c4 g6 3. Nf3 Bg7 4. Nc3 O-O 5. e4 d6 6. Be2 e5 7. dxe5 dxe5 8. Qxd8 Rxd8 9. Nd5 Nxd5 10. cxd5 c6 11. Bc4 h6 {E92: King's Indian: Classical: 6 Be2 e5: 7 dxe5, 7 Be3 and Petrosian System without 7...Nbd7} (11... b5 12. Bb3 Bb7 13. Bg5 Rd7 14. Rc1 a5 15. Ke2 a4 16. dxc6 Nxc6 17. Bd5 Nd4+ 18. Nxd4 exd4 19. Bxb7 d3+ 20. Kf3 Rxb7 21. b3 h6 {½-½ (31) Le,Q (2712)-Ding,L (2714) Tabriz 2014}) 12. Be3 Bg4 13. Rc1 Bd7 {White has an edge.} 14. O-O cxd5 15. Bxd5 Bc6 16. Rfd1 Bxd5 17. Rxd5 Nc6 18. Rcd1 b6 19. Kf1 $146 ({Predecessor:} 19. a3 Kf8 20. h4 {1-0 (38) Van den Berg,A (2286)-Gorissen,H Vlissingen 2004}) 19... Rac8 20. Rxd8+ Rxd8 21. Rc1 $36 {[%mdl 2048] White has the initiative.} Rc8 22. Ke2 f5 23. Rc3 Kf7 {[#]} (23... h5 $11 {keeps the balance.}) 24. Bxh6 $1 $16 {[%mdl 512]} Bf6 (24... Bxh6 25. Rxc6) 25. Be3 Ke6 26. g3 Be7 27. exf5+ gxf5 28. Kf1 Bf6 29. Rc2 Kd5 30. h4 Rh8 31. b3 (31. Ng5 $16) 31... Be7 (31... f4 $1 $14) 32. Ng5 Bc5 $2 (32... Bxg5 $16 33. Bxg5 Kd6) 33. Rd2+ $18 Bd4 34. Bxd4 (34. f4 $18 {fxe5 is the strong threat.} Rc8 35. h5) 34... exd4 {[%mdl 4096] Endgame KRN-KRN} 35. Nf3 b5 36. Kg2 a5 37. Ne1 a4 38. Nd3 Ra8 39. Nf4+ Kc5 40. Nd3+ Kd5 $1 41. Nf4+ $2 ({White should try} 41. h5 $18) 41... Ke5 $2 (41... Kc5 $1 $11) 42. Rc2 Kd6 43. h5 a3 44. f3 (44. Rd2 $18) 44... Na5 $2 (44... Nb4 $16 {keeps fighting.} 45. Rd2 Ke5) 45. Rc1 Nc6 {intending ...Nb4.} 46. Rd1 Re8 $2 (46... Ke7 47. Re1+ Kd6 48. Re6+ Kd7) 47. g4 fxg4 48. fxg4 Re4 49. Kg3 Ke5 {White must now prevent ...Re3+.} 50. Rf1 Re3+ (50... Kf6 $142 51. Nd5+ {[%mdl 64] Discovered Attack (Double check)} Ke6) 51. Kh4 d3 52. h6 {Strongly threatening h7.} Kd4 53. h7 Re8 54. Ng6 d2 {[#]} 55. Nf8 $1 Rxf8 56. Rxf8 d1=Q 57. h8=Q+ Kc5 58. Qc3+ Kb6 {[#]} 59. Rf6 $1 {Accuracy: White = 63%, Black = 32%.} 1-0

[Event "ITA-ch U20 2019"]
[Site "Padova"]
[Date "2019.12.01"]
[Round "4"]
[White "Seresin, Francesco"]
[Black "Loiacono, Leonardo"]
[Result "1-0"]
[WhiteElo "2367"]
[BlackElo "2297"]
[Annotator "ChessBase"]
[PlyCount "149"]
[EventDate "2019.11.28"]
[EventType "tourn"]
[EventCountry "ITA"]
[SourceTitle "playchess.com"]
[Source "ChessBase"]
[SourceQuality "1"]
[TimeControl "40/6600+30:20/3000+30:900+30"]

1. c4 c6 2. e4 d5 3. exd5 cxd5 4. d4 Nf6 5. Nc3 dxc4 6. Bxc4 e6 7. Nf3 Be7 8. O-O Nc6 9. Re1 O-O 10. a3 a6 11. Ba2 b5 12. Bg5 Bb7 13. Bb1 g6 14. Bh6 Re8 15. Ne4 Nxe4 16. Bxe4 Na5 17. Bxb7 Nxb7 18. Rc1 Nd6 19. Ne5 Bf6 20. Nc6 Qd7 21. Bf4 Nc4 22. Ne5 Bxe5 23. Bxe5 Nxe5 24. dxe5 Red8 25. Qxd7 Rxd7 26. Rc2 Rad8 27. Kf1 Rd2 28. Re2 Rd1+ 29. Re1 R1d5 30. f4 a5 31. Ke2 b4 32. axb4 axb4 33. Kf3 Rd2 34. Rxd2 Rxd2 35. Re2 Rd3+ 36. Re3 Rd2 37. Rb3 g5 38. fxg5 Rd4 39. g3 Kg7 40. Ke3 Rc4 41. h3 Kg6 42. Kd3 Rc5 43. Rxb4 Rxe5 44. h4 Re1 45. Rf4 e5 46. Rf6+ Kg7 47. b4 e4+ 48. Kc2 Re2+ 49. Kc3 Re3+ 50. Kc4 Rxg3 51. Rf4 e3 52. Kd3 Kg6 53. Ke2 Rh3 54. b5 Rh2+ 55. Kxe3 Rb2 56. Rf6+ Kg7 57. b6 Rb4 58. Rh6 f6 59. Rxf6 Rxh4 60. Rf4 Rh3+ 61. Kd4 Kg6 62. Rg4 Kf5 63. Rg1 Rb3 64. Kc5 Ke6 65. Kc6 Rc3+ 66. Kb7 Rb3 67. Kc7 Rc3+ 68. Kb8 Rb3 69. b7 Kd7 70. Rh1 Kd8 71. Rxh7 Rg3 72. Rg7 Rg1 73. g6 Rg2 74. Rg8+ Kd7 75. g7 1-0

[Event "ITA-ch U20 2019"]
[Site "Padova"]
[Date "2019.12.01"]
[Round "4"]
[White "Carnicelli, Valerio"]
[Black "Loiacono, Antonio"]
[Result "0-1"]
[WhiteElo "2303"]
[BlackElo "2289"]
[Annotator "ChessBase"]
[PlyCount "64"]
[EventDate "2019.11.28"]
[EventType "tourn"]
[EventCountry "ITA"]
[SourceTitle "playchess.com"]
[Source "ChessBase"]
[SourceQuality "1"]
[TimeControl "40/6600+30:20/3000+30:900+30"]

1. e4 c6 2. d4 d5 3. e5 c5 4. dxc5 e6 5. Qg4 Qc7 6. Nf3 f5 7. exf6 Nxf6 8. Qg3 Qxg3 9. hxg3 Bxc5 10. Bd3 O-O 11. Nbd2 Nc6 12. c4 e5 13. cxd5 Nb4 14. Bb1 e4 15. Ng5 Nd3+ 16. Bxd3 exd3 17. O-O Nxd5 18. Ngf3 Bf5 19. Nb3 Bb6 20. Bd2 Bg4 21. Ne5 Be2 22. Nd7 Bxf1 23. Nxf8 Bxf2+ 24. Kxf2 Rxf8+ 25. Kg1 Be2 26. Rc1 h6 27. Nc5 b6 28. Ne6 Rb8 29. a3 Bg4 30. Nf4 Nf6 31. Re1 Rc8 32. Rc1 Ne4 0-1

[Event "ITA-ch U20 2019"]
[Site "Padova"]
[Date "2019.12.01"]
[Round "4"]
[White "Lumachi, Gabriele"]
[Black "Palozza, Christian"]
[Result "1-0"]
[WhiteElo "2224"]
[BlackElo "2187"]
[Annotator "ChessBase"]
[PlyCount "163"]
[EventDate "2019.11.28"]
[EventType "tourn"]
[EventCountry "ITA"]
[SourceTitle "playchess.com"]
[Source "ChessBase"]
[SourceQuality "1"]
[TimeControl "40/6600+30:20/3000+30:900+30"]

1. d4 e6 2. Nf3 Nf6 3. c4 d5 4. g3 Be7 5. Bg2 O-O 6. Nc3 dxc4 7. Ne5 Nc6 8. Bxc6 bxc6 9. Nxc6 Qe8 10. Nxe7+ Qxe7 11. Qa4 c5 12. dxc5 Qxc5 13. Be3 Qc7 14. f3 Rb8 15. O-O-O a5 16. Qc2 Bb7 17. Rd2 Qc6 18. Bd4 Nd5 19. Nxd5 exd5 20. Qc3 f6 21. g4 Bc8 22. Qxa5 Be6 23. Qc5 Qa4 24. Qa3 Qb5 25. Qd6 Bf7 26. Kd1 Qa5 27. Ke1 Rfe8 28. Qf4 Qxa2 29. Kf2 Qa6 30. g5 fxg5 31. Qxg5 Qg6 32. Qf4 Qe6 33. Rg1 Bg6 34. h4 Rb7 35. Qg5 Qf5 36. h5 Qxg5 37. Rxg5 Bb1 38. Rxd5 h6 39. Rc5 Ba2 40. Bc3 Rf8 41. Rd6 Kh7 42. Rdc6 Rbf7 43. Rc7 Kg8 44. Rxf7 Rxf7 45. e4 Bb3 46. Rd5 Ba4 47. Ke3 Rd7 48. Rf5 Bd1 49. e5 Rf7 50. Rf4 Rxf4 51. Kxf4 Kf7 52. e6+ Kxe6 53. Bxg7 Bc2 54. Bxh6 Kd5 55. Bg7 Bb1 56. Kg5 Ke6 57. Bc3 Bc2 58. Kf4 Kd5 59. Be1 Bb1 60. Bh4 Bc2 61. Ke3 Bd1 62. h6 Bc2 63. Kd2 Bh7 64. Bf2 Bb1 65. Kc3 Bh7 66. Be3 Bb1 67. Kb4 Bd3 68. Ka5 Kc6 69. Kb4 Kd5 70. Bf2 Kc6 71. h7 Bxh7 72. Kxc4 Bg8+ 73. Kd4 Bb3 74. Ke5 Kd7 75. Bc5 Bd1 76. f4 Bb3 77. Kf6 Ke8 78. Kg7 Kd7 79. f5 Ke8 80. f6 Bc4 81. b4 Bd5 82. b5 1-0